000 00815nam a22001577a 4500
003 OSt
005 20160629100606.0
008 160629b xxu||||| |||| 00| 0 eng d
040 _cRUA
082 _aVEM HOK 2015 B481 Or.1
100 _98516
_aHOK SOKNEOU; ហុក សុខនៅ
245 _aStudy on new castle disease of native chicken and theirs antibodies by ha and hi test at triel commune, baray district, kampong thom province, ការសិក្សាលើជំងឺញ៉ូវកាសរបស់មាន់ស្រែ និងអង់ទីគ័ររបស់វាតាមរយៈ HA និង HI TEST នៅឃុំទ្រៀល ស្រុកបារាយណ៍ ខេត្តធំ
260 _aPhnom Penh
_bRUA
_c2015
300 _aix,37p.
_bill.
_c29cm.
942 _2ddc
_cVEM
999 _c8164
_d8164